00472nam a2200205Ia 4500008004100000020001800041050001400059100001500073245001900088245001500107260001500122260001600137260000900153300001600162300002700178300001000205440003700215440000600252500000800258170918s9999 xx 000 0 und d a9780545040464 bC116 2009 aCabot, Meg aStage fright / cMeg Cabot. aNew York : bScholastic, c2009 a216 pages : bcolored illustration ; c19cm. aAllie Finkle's rules for girls ; v4 a820